|
|
|
|
| LEADER |
00617nam a2200193 4500 |
| 020 |
|
|
|
| 082 |
|
|
|a 631.46 CHA-T
|
| 100 |
|
|
|a Chattopadhyay, Srikumar; Chattopadhyay, Mahamaya
|
| 245 |
|
|
|a Terrain analysis of Kerala: concept, method and application
|
| 250 |
|
|
|
| 260 |
|
|
|a State committee on science technology and environment
|c 1995
|
| 300 |
|
|
|a PB+43+figs
|
| 490 |
|
|
|
| 500 |
|
|
|
| 590 |
|
|
|
| 650 |
|
|
|a Soil biology-- Agriculture & related technologies
|
| 942 |
|
|
|c BK
|
| 999 |
|
|
|c 99807
|d 99807
|
| 952 |
|
|
|0 0
|1 0
|4 0
|6 631_460000000000000_CHAT
|7 0
|9 113275
|a AQU
|b AQU
|l 0
|o 631.46 CHA-T
|p AQUBN0289
|r 2019-09-25
|w 2019-09-25
|y BK
|